00700nam a22001817a 4500003000900000008004100009040007100050082001500121100002700136245004600163260003500209300002600244505017300270650001700443650001700460650002400477700001700501AR-CdUCM190304b ||||| |||| 00| 0 spa d aMUNICIPALIDAD PROVINCIAL DEL CUSCOcBIBLIOTECA MUNICIPAL DEL CUSCO a330 /bR84 aRossi Landi, Ferruccio aEl lenguaje como trabajo y como mercado / aCaracas :bMonte Avila,c1970. a300 paginas ;c20 cm. aEl lenguaje como trabajo y como mercado -- sobre el lenguaje verbal y no- verbal -- Por un uso marxista de wittgenstein -- trabajando en la homología del producir ... aIdeología  aProducción aProyección social aManzi, Italo